Normal view MARC view
  • Practical nursing

Entry Topical Term

Number of records used in: 0

001 - CONTROL NUMBER

  • control field: 5910

003 - CONTROL NUMBER IDENTIFIER

  • control field: URS

005 - DATE AND TIME OF LATEST TRANSACTION

  • control field: 20240718185632.0

008 - FIXED-LENGTH DATA ELEMENTS

  • fixed length control field: 240718|| aca||babn | a|a d

040 ## - CATALOGING SOURCE

  • Original cataloging agency: URS

150 ## - HEADING--TOPICAL TERM

  • Topical term or geographic name entry element: Practical nursing
  • General subdivision: Study and teaching
  • Geographic subdivision: Great Britain.

University of Rizal System
Email us at univlibservices@urs.edu.ph

Visit our Website www.urs.edu.ph/library